000 00520cam a2200193ua 4500
020 _c2.00
041 _aeng
_h
082 _a923.6
_bRAM/AN
100 _aRamaswamy Iyer, C P .
245 _aAnnie Besant /
_cC P Ramaswamy Iyer.
_hTextual Documents
260 _aIndia :
_bPublication Division, Govt. of India ,
_c1963.
300 _a152 ; .
365 _a2.00
440 0 _aBuilders of Modern India,
_v
_x;
490 0 _aBuilders of Modern India,
_v
_x;
504 _a
942 _cBK
999 _c6097
_d6097